Panduan komunikasi dan pengurusan cemerlang

Bibliographic Details
Main Author: AZIZ Salleh
Format: Book
Published: Shah Alam, Selangor : Penerbit Fajar Bakti , 1998, 2001
Subjects:

MARC

LEADER 00000cam a2200000 7i4500
001 0000001942
005 20020529.0
020 0 0 |a 9676556548 
090 0 0 |a 658.45   |b AZI 2001 
100 0 0 |a AZIZ Salleh 
245 1 0 |a Panduan komunikasi dan pengurusan cemerlang   |c Aziz Salleh 
260 0 0 |a Shah Alam, Selangor :   |b Penerbit Fajar Bakti ,   |c 1998, 2001 
300 |a xi, 178 p. :   |b ill. ;   |c 22 cm. 
500 0 0 |a Includes bibliography : (p. 173-174) and index 
650 0 0 |a Communication in management 
998 |a JPSM 
999 |a 0000003285   |b Monograph   |c Open Shelf   |e Default branch